[Event "OGD Prinsenstad-toernooi - A groep"]
[Site "Delft"]
[Date "2010.04.03"]
[Round "2.3"]
[White "Barendse, Ted"]
[Black "Reinderman, Dimitri"]
[Result "0-1"]
[WhiteElo "2172"]
[BlackElo "2578"]
[Annotator "Dimitri Reinderman"]
[PlyCount "60"]
[EventDate "2010.04.02"]
[EventType "tourn"]
[EventRounds "6"]
[EventCountry "NED"]
[Source "DSC"]
[SourceDate "2010.02.04"]

1. e4 c5 2. Nf3 d6 3. d4 Nf6 4. Nc3 cxd4 5. Nxd4 g6 6. Be3 Bg7 7. f3 O-O 8. Qd2
Nc6 9. Bc4 Bd7 10. Bb3 Na5 11. O-O-O Rb8 12. g4 b5 13. Bh6 Nc4 14. Bxc4 bxc4
15. Bxg7 Kxg7 16. Nd5 e5 17. Nf5+ Bxf5 18. Nxf6 Qxf6 19. gxf5 Rb6 {De kenner he
rkent een Draak, waarin een spannende stelling is ontstaan. Beide partijen
hebben twee plannen: op de aanval spelen (wit met h4-h5, zwart met Tfb8 en na
b3 a5-a4) of op zwakke pionnen (bij wit zijn o.a. f3 en h2 potentieel zwak,
bij zwart c4, d6 en a7). Met zijn volgende zet gaat wit all-in op het
aanvalsplan, maar de toren was zeker niet nutteloos op d1...} 20. Rdg1 $6 d5 $1
{Goed, de computer noemt dit niet bij de vijf beste zetten, maar het geeft
zwart een kansrijk initiatief, waarbij de witte torens voorlopig niet meedoen.}
21. Qxd5 c3 {Dit is de pointe. Wit moet een pion toelaten op c3, en heeft
alleen de dame om zich tegen mat te verweren.} 22. b3 Qe7 23. Qa5 Rc8 {
Nu moet wit rekening houden met Tcc6, Ta6 en Da3.} 24. f4 $6 {De computer geeft
} (24. Kb1 Rcc6 25. f6+ Kxf6 26. f4 Rc5 27. fxe5+ Kg7 28. Qa4 a5 29. a3 Rxe5 {
met slechts een plusje voor zwart. Zoiets zal Ted in de partij ook hebben
willen bereiken, maar zijn zetvolgorde is minder goed.}) 24... Rc5 25. f6+ $2 {
Paniek, hij had mijn antwoord gemist.} Rxf6 26. Qb4 Rb6 27. Qa4 Rcc6 $1 {
Zwart kan op f4 slaan en consolideren, maar dit is nog sterker.} 28. fxe5 Ra6
29. Qd4 Rxa2 30. Kd1 Rc8 0-1

[Event "OGD Prinsenstad-toernooi - A groep"]
[Site "Delft"]
[Date "2010.04.03"]
[Round "2.4"]
[White "Ypma, Peter"]
[Black "Haslinger, Stewart"]
[Result "0-1"]
[WhiteElo "2141"]
[BlackElo "2548"]
[PlyCount "106"]
[EventDate "2010.04.02"]
[EventType "tourn"]
[EventRounds "6"]
[EventCountry "NED"]
[Source "DSC"]
[SourceDate "2010.02.04"]

1. d4 d5 2. c4 e6 3. Nf3 Nf6 4. g3 dxc4 5. Bg2 Nc6 6. O-O Rb8 7. b3 cxb3 8.
axb3 a6 9. Bb2 Be7 10. Nbd2 O-O 11. e4 Nb4 12. Qe2 b6 13. Rfd1 Bb7 14. Rac1 Re8
15. Ne5 Nd7 16. Ndc4 Bf8 17. Bh3 Nxe5 18. Nxe5 f6 19. Nd3 Nxd3 20. Qxd3 Qd6 21.
f3 c5 22. Qc4 Rbc8 23. Ba3 b5 24. Qe2 Qb6 25. Bxc5 Bxc5 26. dxc5 Rxc5 27. Qf2
Rxc1 28. Rxc1 Qxf2+ 29. Kxf2 Kf7 30. b4 Rc8 31. Rxc8 Bxc8 32. f4 Ke7 33. e5 Kd7
34. Ke3 f5 35. Kd4 Kc6 36. Bg2+ Kb6 37. Bf3 Bb7 38. Bd1 Bd5 39. g4 g6 40. gxf5
gxf5 41. Bc2 Bc4 42. Bd1 Ba2 43. Bc2 a5 44. bxa5+ Kxa5 45. Kc5 b4 46. h4 b3 47.
Bxb3 Bxb3 48. Kd6 Kb5 49. Ke7 Kc5 50. Kf6 Kd5 51. h5 h6 52. Kg6 Ke4 53. Kxh6
Bd1 0-1

[Event "OGD Prinsenstad-toernooi - A groep"]
[Site "Delft"]
[Date "2010.04.03"]
[Round "2.5"]
[White "Ootes, Lars"]
[Black "Van der Leij, Arjan"]
[Result "1-0"]
[WhiteElo "2400"]
[BlackElo "2022"]
[PlyCount "71"]
[EventDate "2010.04.02"]
[EventType "tourn"]
[EventRounds "6"]
[EventCountry "NED"]
[Source "DSC"]
[SourceDate "2010.02.04"]

1. e4 e5 2. Nf3 Nc6 3. Bb5 a6 4. Ba4 Nf6 5. O-O Be7 6. Re1 b5 7. Bb3 O-O 8. d4
d6 9. c3 Bg4 10. Be3 exd4 11. cxd4 Na5 12. Bc2 c5 13. h3 Bh5 14. Nbd2 Rc8 15.
g4 Bg6 16. d5 Nd7 17. b3 Bf6 18. Rb1 Bc3 19. Nh2 c4 20. b4 Nb7 21. f4 f6 22.
Nhf3 a5 23. a3 Re8 24. Nd4 Bxd4 25. Bxd4 a4 26. Rc1 Re7 27. Nb1 Nb8 28. Nc3 Qd7
29. Kh2 Rf8 30. Qf3 Be8 31. Rg1 Ref7 32. Ne2 Qc7 33. Bc3 Bd7 34. f5 Kh8 35. g5
Re7 36. Nf4 1-0

[Event "OGD Prinsenstad-toernooi - A groep"]
[Site "Delft"]
[Date "2010.04.02"]
[Round "2.6"]
[White "Voogt, Bob"]
[Black "Slingerland, Fred"]
[Result "0-1"]
[WhiteElo "2012"]
[BlackElo "2385"]
[PlyCount "76"]
[EventDate "2010.04.02"]
[EventType "tourn"]
[EventRounds "6"]
[EventCountry "NED"]
[Source "DSC"]
[SourceDate "2010.02.04"]

1. e4 c5 2. Nf3 Nc6 3. d4 cxd4 4. Nxd4 Nf6 5. Nc3 d6 6. Be2 g6 7. Be3 Bg7 8.
O-O O-O 9. h3 Bd7 10. Qd2 a6 11. Rad1 Rc8 12. f4 Re8 13. Nb3 b5 14. a3 Be6 15.
Nd4 Nxd4 16. Bxd4 Bc4 17. Rfe1 e5 18. fxe5 dxe5 19. Be3 Qxd2 20. Rxd2 h6 21.
Bf3 Bf8 22. Ne2 Red8 23. Red1 Rxd2 24. Rxd2 Kg7 25. Nc1 a5 26. c3 g5 27. Kf2
Kg6 28. Bb6 h5 29. g3 a4 30. Bg2 Ne8 31. Nd3 Bxd3 32. Rxd3 Nd6 33. h4 Nc4 34.
Bd8 Nxb2 35. Rd5 g4 36. Ba5 Bxa3 37. Rxb5 Bc5+ 38. Ke2 a3 0-1

[Event "OGD Prinsenstad-toernooi - A groep"]
[Site "Delft"]
[Date "2010.04.02"]
[Round "2.8"]
[White "Van den Broek, Willem-Jan"]
[Black "Villwock, Martin"]
[Result "1/2-1/2"]
[WhiteElo "1949"]
[BlackElo "2238"]
[PlyCount "104"]
[EventDate "2010.04.02"]
[EventType "tourn"]
[EventRounds "6"]
[EventCountry "NED"]
[Source "DSC"]
[SourceDate "2010.02.04"]

1. c4 e5 2. g3 Nf6 3. Bg2 h6 4. Nc3 Bb4 5. Qb3 a5 6. a3 Bc5 7. e3 Nc6 8. Nge2
O-O 9. O-O d6 10. Rd1 Re8 11. d4 exd4 12. Bxc6 bxc6 13. exd4 Ba7 14. Qc2 Bg4
15. Be3 Qd7 16. Kg2 Rab8 17. Re1 Bf5 18. Qd2 Bh3+ 19. Kh1 Qf5 20. Ng1 Bg4 21.
Kg2 Qh5 22. f3 Be6 23. d5 Bxe3 24. Rxe3 cxd5 25. cxd5 Nxd5 26. Nxd5 Qxd5 27.
Qxd5 Bxd5 28. Rxe8+ Rxe8 29. Rd1 c6 30. Rd2 Re3 31. Kf2 Rb3 32. f4 Kf8 33. Ne2
Rf3+ 34. Ke1 g5 35. fxg5 hxg5 36. Nd4 Rf6 37. Rf2 Ke7 38. Nf5+ Kd7 39. Ne3 Bf3
40. Kd2 Ke6 41. Nc4 g4 42. Nxa5 c5 43. Nb3 Kd5 44. Ke3 Re6+ 45. Kf4 Re4+ 46.
Kf5 Re3 47. Nd2 Kd4 48. Kf4 d5 49. Nxf3+ gxf3 50. h4 c4 51. h5 Re2 52. Kxf3 Re5
1/2-1/2

[Event "OGD Prinsenstad-toernooi - A groep"]
[Site "Delft"]
[Date "2010.04.03"]
[Round "2.9"]
[White "Van den Doel, Erik"]
[Black "Van der Auweraert, Elwin"]
[Result "1/2-1/2"]
[WhiteElo "2573"]
[BlackElo "1932"]
[PlyCount "94"]
[EventDate "2010.04.02"]
[EventType "tourn"]
[EventRounds "6"]
[EventCountry "NED"]
[Source "DSC"]
[SourceDate "2010.02.04"]

1. d4 Nf6 2. Nf3 e6 3. c4 b6 4. g3 Bb7 5. Bg2 Be7 6. O-O O-O 7. Re1 d5 8. cxd5
exd5 9. Nc3 Nbd7 10. Bf4 Rc8 11. Rc1 Nh5 12. Bd2 Nhf6 13. Nb5 c5 14. Bf4 Nh5
15. Nd6 Bxd6 16. Bxd6 Re8 17. Bh3 Nhf6 18. Ne5 Bc6 19. Nxc6 Rxc6 20. Bf4 a6 21.
Bg2 c4 22. b3 b5 23. bxc4 bxc4 24. Qa4 Rce6 25. e3 Nh5 26. Bg5 Qxg5 27. Qxd7
Nf6 28. Qa4 h5 29. h4 Qf5 30. Qd1 Rb8 31. Qc2 Qxc2 32. Rxc2 Rb4 33. Kf1 a5 34.
f3 Reb6 35. e4 Rb2 36. Ree2 Rb1+ 37. Kf2 dxe4 38. Rxc4 e3+ 39. Rxe3 R6b2+ 40.
Re2 Rxe2+ 41. Kxe2 Rb2+ 42. Kf1 Nd5 43. Rc8+ Kh7 44. Re8 Rxa2 45. f4 Nf6 46.
Ra8 Ra1+ 47. Ke2 Ra2+ 1/2-1/2

[Event "OGD Prinsenstad-toernooi - A groep"]
[Site "Delft"]
[Date "2010.04.02"]
[Round "2.10"]
[White "Meulenbroek, Kim"]
[Black "Borst, Filip"]
[Result "1-0"]
[WhiteElo "2121"]
[BlackElo "1969"]
[PlyCount "39"]
[EventDate "2010.04.02"]
[EventType "tourn"]
[EventRounds "6"]
[EventCountry "NED"]
[Source "DSC"]
[SourceDate "2010.02.04"]

1. e4 c5 2. b3 Nc6 3. Bb2 d6 4. f4 Nf6 5. Nc3 a6 6. Nf3 b5 7. a4 b4 8. Nd5 Bb7
9. Nxf6+ exf6 10. Bc4 Be7 11. O-O O-O 12. Kh1 Re8 13. Bd5 Bf8 14. Nh4 g6 15. f5
g5 16. Qh5 Qe7 17. Ng6 hxg6 18. fxg6 Bg7 19. Qh7+ Kf8 20. gxf7 1-0

[Event "OGD Prinsenstad-toernooi - A groep"]
[Site "Delft"]
[Date "2010.04.03"]
[Round "2.15"]
[White "Padurariu, Ciprian"]
[Black "Van den Ouden, Lendert"]
[Result "1-0"]
[WhiteElo "2188"]
[BlackElo "2030"]
[PlyCount "61"]
[EventDate "2010.04.02"]
[EventType "tourn"]
[EventRounds "6"]
[EventCountry "NED"]
[Source "DSC"]
[SourceDate "2010.02.04"]

1. d4 d5 2. Nf3 Nf6 3. c4 c6 4. Qc2 a6 5. Bf4 dxc4 6. Qxc4 b5 7. Qc2 Bb7 8.
Nbd2 e6 9. Nb3 Nbd7 10. Nc5 Nxc5 11. dxc5 Qd5 12. Rc1 Qxa2 13. e4 Be7 14. Bd3
Nd7 15. Qc3 Nxc5 16. Bb1 Qb3 17. Qxg7 O-O-O 18. Nd2 Nd3+ 19. Bxd3 Qxd3 20. Qxf7
Rd7 21. Qxe6 Rf8 22. Rc3 Qd4 23. Be3 Qg7 24. O-O Rg8 25. g3 Bf6 26. Rxc6+ Bxc6
27. Qxc6+ Kd8 28. Nb3 Be7 29. Qa8+ Kc7 30. Rc1+ Kd6 31. Qd5# 1-0

[Event "OGD Prinsenstad-toernooi - A groep"]
[Site "Delft"]
[Date "2010.04.03"]
[Round "3.1"]
[White "Fedorchuk, Sergey"]
[Black "Ootes, Lars"]
[Result "1-0"]
[WhiteElo "2649"]
[BlackElo "2400"]
[PlyCount "57"]
[EventDate "2010.04.02"]
[EventType "tourn"]
[EventRounds "6"]
[EventCountry "NED"]
[Source "DSC"]
[SourceDate "2010.02.04"]

1. e4 d6 2. d4 Nf6 3. Nc3 g6 4. h3 Bg7 5. Nf3 O-O 6. Be3 a6 7. a4 Nc6 8. d5 Ne5
9. Nxe5 dxe5 10. Bc4 Ne8 11. Qd2 Nd6 12. Bb3 e6 13. Rd1 Re8 14. O-O exd5 15.
Nxd5 Nxe4 16. Qb4 Nd6 17. Qc5 Qh4 18. Nxc7 Bxh3 19. gxh3 Qxh3 20. Qd5 e4 21.
Qg5 Nf5 22. Qg2 Qh5 23. Nxe8 Nh4 24. Qh3 Rxe8 25. Rd7 Rf8 26. Kh1 g5 27. Rg1 h6
28. Qg4 Qg6 29. Qxh4 1-0

[Event "OGD Prinsenstad-toernooi - A groep"]
[Site "Delft"]
[Date "2010.04.03"]
[Round "3.2"]
[White "Slingerland, Fred"]
[Black "Nikolic, Pedrag"]
[Result "1/2-1/2"]
[WhiteElo "2385"]
[BlackElo "2596"]
[PlyCount "26"]
[EventDate "2010.04.02"]
[EventType "tourn"]
[EventRounds "6"]
[EventCountry "NED"]
[Source "DSC"]
[SourceDate "2010.02.04"]

1. e4 e5 2. Nf3 Nc6 3. Nc3 Nf6 4. Bb5 Bb4 5. O-O O-O 6. Bxc6 dxc6 7. Nxe5 Bxc3
8. dxc3 Qxd1 9. Rxd1 Nxe4 10. Bf4 Nd6 11. Nf3 Bf5 12. Bxd6 cxd6 13. Rxd6 Bxc2
1/2-1/2

[Event "OGD Prinsenstad-toernooi - A groep"]
[Site "Delft"]
[Date "2010.04.03"]
[Round "3.3"]
[White "Haslinger, Stewart"]
[Black "Legemaat, Gert"]
[Result "0-1"]
[WhiteElo "2548"]
[BlackElo "2239"]
[Annotator "Prinsenstad-toernooi"]
[PlyCount "100"]
[EventDate "2010.04.02"]
[EventType "tourn"]
[EventRounds "6"]
[EventCountry "NED"]
[Source "DSC"]
[SourceDate "2010.02.04"]

1. e4 Nc6 2. Nf3 d6 3. d4 Nf6 4. Nc3 Bg4 5. Be3 e6 6. h3 Bxf3 7. Qxf3 d5 8.
exd5 Nxd5 9. Bb5 Bb4 10. O-O Bxc3 11. bxc3 O-O 12. Bd2 Qd6 13. Rfe1 a6 14. Bd3
b5 15. Qe4 g6 16. a4 b4 17. cxb4 Ncxb4 18. Bc4 a5 19. c3 Nc6 20. h4 h5 21. Qf3
Kg7 22. Bc1 Rfb8 23. Ba3 Qd8 24. g3 Nce7 25. Bb5 Nf5 26. Rad1 c6 27. Bxc6 Rb3
28. Bxa8 Qxa8 29. Bc5 Rxc3 30. Rd3 Rc4 31. Qe4 Qb8 32. Rf3 Rxa4 33. Rb1 Qc7 34.
Rc1 Qb8 35. Qc2 Nxd4 36. Qxa4 Nxf3+ 37. Kg2 Qb7 38. Qa1+ Nf6 39. Kh3 $2 (39.
Bf8+ $1 Kxf8 40. Qxf6 {en zwart heeft geen goed aftrekschaak, terwijl wit
ondertussen Tc8+ met damewinst dreigt.}) 39... g5 $1 40. hxg5 Nxg5+ 41. Kh2 e5
42. Qb1 $2 Ng4+ 43. Kg1 Nf3+ {Vanaf hier is het feest voor de zwarten.} 44. Kh1
Qd5 45. Bf8+ Kxf8 46. Qb8+ Kg7 47. Kg2 Ne1+ 48. Kf1 Qg2+ 49. Kxe1 Qxf2+ 50. Kd1
Ne3# 0-1

[Event "OGD Prinsenstad-toernooi - A groep"]
[Site "Delft"]
[Date "2010.04.03"]
[Round "3.4"]
[White "Reinderman, Dimitri"]
[Black "Goes, Sten"]
[Result "1-0"]
[WhiteElo "2578"]
[BlackElo "2067"]
[PlyCount "61"]
[EventDate "2010.04.02"]
[EventType "tourn"]
[EventRounds "6"]
[EventCountry "NED"]
[Source "DSC"]
[SourceDate "2010.02.04"]

1. c4 e5 2. g3 Nf6 3. Bg2 d5 4. cxd5 Nxd5 5. Nf3 Nc6 6. O-O Nb6 7. d3 Be7 8. a3
Be6 9. Nbd2 O-O 10. b4 a5 11. b5 Nd4 12. Bb2 Nxb5 13. a4 Nd4 14. Nxe5 Bf6 15.
f4 Bxe5 16. fxe5 Nf5 17. Rf3 c6 18. Kh1 Nd5 19. e4 Nfe3 20. Qe2 Nxg2 21. exd5
Bg4 22. d6 Qg5 23. Kxg2 b5 24. h3 Bxf3+ 25. Nxf3 Qh6 26. Nd4 Rfe8 27. Nf5 Qe6
28. Qg4 g6 29. Ne7+ Kg7 30. Qxe6 fxe6 31. Nxc6 1-0

[Event "OGD Prinsenstad-toernooi - A groep"]
[Site "Delft"]
[Date "2010.04.03"]
[Round "3.5"]
[White "Villwock, Martin"]
[Black "Meulenbroek, Kim"]
[Result "0-1"]
[WhiteElo "2238"]
[BlackElo "2121"]
[PlyCount "108"]
[EventDate "2010.04.02"]
[EventType "tourn"]
[EventRounds "6"]
[EventCountry "NED"]
[Source "DSC"]
[SourceDate "2010.02.04"]

1. e4 g6 2. d4 Nf6 3. e5 Nh5 4. Be2 d6 5. Bxh5 gxh5 6. Qxh5 dxe5 7. Qxe5 Rg8 8.
Qe4 Rg4 9. f4 Nc6 10. d5 f5 11. Qd3 Nb8 12. Nc3 Bg7 13. Bd2 c6 14. O-O-O Bxc3
15. Bxc3 Qxd5 16. Qh3 Qg8 17. Nf3 Nd7 18. Rhe1 Rxf4 19. Qh6 Re4 20. Bg7 Rxe1
21. Rxe1 Nc5 22. Ng5 Ne4 23. Qh5+ Kd8 24. Nf7+ Kc7 25. Be5+ Kb6 26. Qf3 Qxf7
27. Rxe4 Qxa2 28. Rb4+ Ka6 29. Rb3 Qa1+ 30. Kd2 Qa5+ 31. Bc3 Qd5+ 32. Ke2 Qxf3+
33. Kxf3 Be6 34. Ra3+ Kb6 35. Ba5+ Kb5 36. Bd2 a5 37. Re3 Bd5+ 38. Kf4 e6 39.
g3 c5 40. b3 Be4 41. c4+ Kc6 42. g4 a4 43. b4 cxb4 44. Bxb4 Rg8 45. h3 Rd8 46.
Ke5 Rd3 47. Rxd3 Bxd3 48. g5 Bxc4 49. h4 b6 50. Kf6 f4 51. Kg7 Bd3 52. h5 f3
53. Be1 a3 54. g6 Bxg6 0-1

[Event "OGD Prinsenstad-toernooi - A groep"]
[Site "Delft"]
[Date "2010.04.03"]
[Round "3.6"]
[White "Van der Auweraert, Elwin"]
[Black "Van den Broek, Willem-Jan"]
[Result "0-1"]
[WhiteElo "1932"]
[BlackElo "1949"]
[PlyCount "72"]
[EventDate "2010.04.02"]
[EventType "tourn"]
[EventRounds "6"]
[EventCountry "NED"]
[Source "DSC"]
[SourceDate "2010.02.04"]

1. e4 g6 2. d4 Bg7 3. Nc3 c5 4. Nf3 Nc6 5. Be3 Qb6 6. Na4 Qa5+ 7. c3 cxd4 8.
Nxd4 Nf6 9. f3 d5 10. Bb5 Bd7 11. Bxc6 Bxc6 12. Nxc6 bxc6 13. exd5 Nxd5 14. Bf2
Rd8 15. Qc2 Nf4 16. O-O Qg5 17. Bg3 O-O 18. Rad1 h5 19. Qe4 Be5 20. Rde1 Bb8
21. Qxe7 Qb5 22. Bxf4 Bxf4 23. Re4 Bd6 24. Qf6 Bxh2+ 25. Kxh2 Qxf1 26. Rd4 Rxd4
27. Qxd4 Re8 28. Qxa7 Qe1 29. Qd4 h4 30. Qg4 Re5 31. Nb6 h3 32. Qc8+ Re8 33.
Qxh3 Kg7 34. Nd7 Rh8 35. Qxh8+ Kxh8 36. a4 Qd2 0-1

[Event "OGD Prinsenstad-toernooi - A groep"]
[Site "Delft"]
[Date "2010.04.03"]
[Round "3.7"]
[White "Admiraal, Miguoel"]
[Black "Vlam, Hora"]
[Result "0-1"]
[WhiteElo "2235"]
[BlackElo "2067"]
[PlyCount "104"]
[EventDate "2010.04.02"]
[EventType "tourn"]
[EventRounds "6"]
[EventCountry "NED"]
[Source "DSC"]
[SourceDate "2010.02.04"]

1. e4 d6 2. d4 Nf6 3. Nc3 g6 4. Bg5 Bg7 5. Qd2 c6 6. f4 b5 7. Bd3 O-O 8. Nf3
Bg4 9. O-O-O Nbd7 10. e5 b4 11. Ne2 Bxf3 12. gxf3 Nd5 13. Bc4 N7b6 14. Bb3 a5
15. f5 a4 16. Bxd5 Nxd5 17. h4 dxe5 18. h5 exd4 19. hxg6 fxg6 20. fxg6 hxg6 21.
Nxd4 Qd6 22. Bh6 Be5 23. Nxc6 Qxc6 24. Qxd5+ Qxd5 25. Rxd5 Bf4+ 26. Bxf4 Rxf4
27. Rd7 Rxf3 28. Rxe7 Raf8 29. Re4 R8f4 30. Rxf4 Rxf4 31. Kd2 Kg7 32. Rh3 Kf6
33. a3 g5 34. Rh6+ Kf5 35. Rb6 bxa3 36. bxa3 g4 37. Ke2 g3 38. Rb5+ Kg4 39. Ra5
Rf2+ 40. Ke1 Kf3 41. Rf5+ Kg2 42. Ra5 Rf3 43. c3 Re3+ 44. Kd2 Kf2 45. Rg5 Rf3
46. c4 g2 47. c5 g1=Q 48. Rxg1 Kxg1 49. c6 Rf6 50. Kc3 Rxc6+ 51. Kb4 Ra6 52.
Kb5 Ra8 0-1

[Event "OGD Prinsenstad-toernooi - A groep"]
[Site "Delft"]
[Date "2010.04.03"]
[Round "3.8"]
[White "Van Loenen, Daniël"]
[Black "Ten Hagen, Yorick"]
[Result "0-1"]
[WhiteElo "2049"]
[BlackElo "2231"]
[PlyCount "84"]
[EventDate "2010.04.02"]
[EventType "tourn"]
[EventRounds "6"]
[EventCountry "NED"]
[Source "DSC"]
[SourceDate "2010.02.04"]

1. e4 c5 2. Nc3 Nc6 3. g3 g6 4. Bg2 Bg7 5. d3 d6 6. Be3 e5 7. Nge2 Nge7 8. Qd2
Nd4 9. h4 Bg4 10. Bxd4 cxd4 11. Nd1 Qb6 12. c3 O-O 13. O-O Bh6 14. Qc2 Rfd8 15.
Kh2 d5 16. f3 Be6 17. Bh3 dxc3 18. bxc3 dxe4 19. fxe4 Bxh3 20. Kxh3 Rac8 21.
Rb1 Qe6+ 22. Kg2 b6 23. Rf3 f5 24. Nf2 fxe4 25. Nxe4 Nf5 26. Qa4 Rf8 27. Ng5
Bxg5 28. hxg5 Qd5 29. Qb3 Rc4 30. Ng1 Ne3+ 31. Kf2 Qxd3 32. Re1 Ng4+ 33. Kg2
Rxf3 34. Nxf3 Qxc3 35. Qxc3 Rxc3 36. Re4 Ne3+ 37. Kf2 Nc4 38. a4 Rxf3+ 39. Kxf3
Nd2+ 40. Ke3 Nxe4 41. Kxe4 Kf7 42. Kxe5 a6 0-1

[Event "OGD Prinsenstad-toernooi - A groep"]
[Site "Delft"]
[Date "2010.04.03"]
[Round "3.9"]
[White "Lentjes, Noud"]
[Black "Kirana, Marco"]
[Result "0-1"]
[WhiteElo "1990"]
[BlackElo "2192"]
[PlyCount "54"]
[EventDate "2010.04.02"]
[EventType "tourn"]
[EventRounds "6"]
[EventCountry "NED"]
[Source "DSC"]
[SourceDate "2010.02.04"]

1. e4 c6 2. d4 d5 3. Nc3 dxe4 4. Nxe4 Bf5 5. Ng3 Bg6 6. Nf3 Nd7 7. h4 h6 8. h5
Bh7 9. Bd3 Bxd3 10. Qxd3 Ngf6 11. Bd2 Qc7 12. O-O-O e6 13. Rhe1 O-O-O 14. Qc3
Ng4 15. Re2 Nxf2 16. Rxf2 Qxg3 17. Rdf1 Qc7 18. Ne5 Nf6 19. Qa5 b6 20. Qa6+ Kb8
21. Nc4 Rxd4 22. Bf4 Rxf4 23. Rxf4 Bc5 24. R4f3 Rd8 25. g4 Rd7 26. Rf4 b5 27.
Na5 Qxf4+ 0-1

[Event "OGD Prinsenstad-toernooi - A groep"]
[Site "Delft"]
[Date "2010.04.03"]
[Round "3.10"]
[White "Ducarmon, Quinten"]
[Black "Barendse, Ted"]
[Result "0-1"]
[WhiteElo "2149"]
[BlackElo "2172"]
[PlyCount "72"]
[EventDate "2010.04.02"]
[EventType "tourn"]
[EventRounds "6"]
[EventCountry "NED"]
[Source "DSC"]
[SourceDate "2010.02.04"]

1. e4 c5 2. Nf3 d6 3. d4 cxd4 4. Nxd4 Nf6 5. Nc3 Nc6 6. Bg5 Bd7 7. Be2 a6 8.
Bxf6 gxf6 9. Nf5 Qa5 10. O-O Bxf5 11. exf5 Qxf5 12. Bg4 Qc5 13. Qf3 Rg8 14.
Rfe1 Ne5 15. Qxb7 Qa7 16. Bf3 Qxb7 17. Bxb7 Rb8 18. Be4 f5 19. f4 fxe4 20. fxe5
dxe5 21. Nxe4 Rxb2 22. Rab1 Rxb1 23. Rxb1 f6 24. Rb4 Kf7 25. Nc5 Bh6 26. Nxa6
Rd8 27. Re4 Rd2 28. Nb4 e6 29. a3 Bf8 30. Rc4 f5 31. Nc6 e4 32. a4 e3 33. Kf1
Bd6 34. Rc3 Rf2+ 35. Kg1 Rf4 36. Nd8+ Kf6 0-1

[Event "OGD Prinsenstad-toernooi - A groep"]
[Site "Delft"]
[Date "2010.04.03"]
[Round "3.11"]
[White "Meng, Roger"]
[Black "Von Meijenfeldt, Bart"]
[Result "1-0"]
[WhiteElo "2167"]
[BlackElo "2154"]
[PlyCount "41"]
[EventDate "2010.04.02"]
[EventType "tourn"]
[EventRounds "6"]
[EventCountry "NED"]
[Source "DSC"]
[SourceDate "2010.02.04"]

1. e4 c5 2. Nc3 a6 3. a4 e6 4. Nge2 Qc7 5. g3 Nf6 6. Bg2 g6 7. O-O Bg7 8. d4
cxd4 9. Nxd4 O-O 10. Be3 Nc6 11. Nxc6 bxc6 12. Bc5 Re8 13. Bd6 Qb6 14. a5 Qxb2
15. Na4 Qb5 16. Nb6 Ra7 17. e5 Nh5 18. c4 Qb2 19. Na4 Qb7 20. Rb1 Qa8 21. Rb8
1-0

[Event "OGD Prinsenstad-toernooi - A groep"]
[Site "Delft"]
[Date "2010.04.03"]
[Round "3.17"]
[White "De Vries, Jan-Pieter"]
[Black "Den Boer, Lennard"]
[Result "0-1"]
[WhiteElo "1909"]
[BlackElo "1945"]
[PlyCount "68"]
[EventDate "2010.04.02"]
[EventType "tourn"]
[EventRounds "6"]
[EventCountry "NED"]
[Source "DSC"]
[SourceDate "2010.02.04"]

1. e4 e6 2. b3 d5 3. Bb2 Nf6 4. e5 Nfd7 5. d4 c5 6. c3 Nc6 7. f4 cxd4 8. cxd4
f6 9. Nd2 Qb6 10. Ngf3 Be7 11. Bd3 O-O 12. O-O fxe5 13. fxe5 Ndxe5 14. Nxe5
Rxf1+ 15. Nxf1 Nxe5 16. Bxh7+ Kxh7 17. Qh5+ Kg8 18. Qxe5 Bf6 19. Qe3 Bd7 20. g4
g6 21. Re1 Rf8 22. Nd2 Bh4 23. Re2 Qd8 24. Nf3 Qf6 25. Kg2 e5 26. dxe5 Qe6 27.
h3 d4 28. Nxd4 Qd5+ 29. Kh2 Rf1 30. Rg2 Bc6 31. Nxc6 Qd1 32. Rg1 Qc2+ 33. Rg2
Qb1 34. Ne7+ Kh7 0-1

[Event "OGD Prinsenstad-toernooi - A groep"]
[Site "Delft"]
[Date "2010.04.03"]
[Round "4.1"]
[White "Legemaat, Gert"]
[Black "Fedorchuk, Sergey"]
[Result "0-1"]
[WhiteElo "2239"]
[BlackElo "2649"]
[PlyCount "72"]
[EventDate "2010.04.02"]
[EventType "tourn"]
[EventRounds "6"]
[EventCountry "NED"]
[Source "DSC"]
[SourceDate "2010.02.04"]

1. e4 c5 2. Nc3 a6 3. f4 b5 4. Nf3 Bb7 5. d3 e6 6. Qe2 Be7 7. g4 b4 8. Nd1 d5
9. Nf2 dxe4 10. dxe4 Nf6 11. g5 Nfd7 12. Be3 Nb6 13. Rd1 Qc7 14. b3 N8d7 15.
Bh3 a5 16. O-O Ba6 17. Nd3 c4 18. bxc4 O-O 19. f5 exf5 20. exf5 Nxc4 21. f6 Bd6
22. Bd4 Rfe8 23. Qf2 g6 24. Rfe1 Nf8 25. Qh4 h5 26. gxh6 Bb7 27. Rxe8 Rxe8 28.
Re1 Rxe1+ 29. Nfxe1 Bxh2+ 30. Kf2 Bd6 31. Ke2 Na3 32. Kd1 Qc4 33. Qf2 Nxc2 34.
Bb6 Nxe1 35. Nxe1 b3 36. h7+ Nxh7 0-1

[Event "OGD Prinsenstad-toernooi - A groep"]
[Site "Delft"]
[Date "2010.04.03"]
[Round "4.2"]
[White "Van den Broek, Willem-Jan"]
[Black "Reinderman, Dimitri"]
[Result "0-1"]
[WhiteElo "1949"]
[BlackElo "2578"]
[PlyCount "64"]
[EventDate "2010.04.02"]
[EventType "tourn"]
[EventRounds "6"]
[EventCountry "NED"]
[Source "DSC"]
[SourceDate "2010.02.04"]

1. c4 e5 2. g3 Nc6 3. Bg2 f5 4. Nc3 Nf6 5. d3 Bb4 6. Bg5 h6 7. Bxf6 Qxf6 8. e3
Bxc3+ 9. bxc3 e4 10. d4 b6 11. Qa4 Bb7 12. Ne2 g5 13. h4 O-O-O 14. c5 Na5 15.
cxb6 axb6 16. c4 Ba6 17. c5 d5 18. Bf1 Kb7 19. cxb6 cxb6 20. hxg5 hxg5 21. Rxh8
Qxh8 22. Ng1 Bxf1 23. Kxf1 f4 24. Rb1 Nc4 25. Qb4 Rd7 26. Qb5 Rd6 27. Rb4 fxe3
28. Ra4 exf2 29. Qa6+ Kc7 30. Rxc4+ dxc4 31. Qxc4+ Kb8 32. Ne2 Rf6 0-1

[Event "OGD Prinsenstad-toernooi - A groep"]
[Site "Delft"]
[Date "2010.04.03"]
[Round "4.3"]
[White "Meulenbroek, Kim"]
[Black "Slingerland, Fred"]
[Result "1/2-1/2"]
[WhiteElo "2121"]
[BlackElo "2385"]
[PlyCount "81"]
[EventDate "2010.04.02"]
[EventType "tourn"]
[EventRounds "6"]
[EventCountry "NED"]
[Source "DSC"]
[SourceDate "2010.02.04"]

1. e4 c5 2. b3 d6 3. Bb2 e5 4. Bb5+ Nc6 5. Ne2 Nge7 6. f4 a6 7. Bxc6+ Nxc6 8.
O-O g6 9. Nbc3 Bg7 10. Nd5 O-O 11. f5 f6 12. g4 Ne7 13. c4 b5 14. d3 Nxd5 15.
exd5 h5 16. Ng3 Bh6 17. gxh5 gxf5 18. Nxf5 Bxf5 19. Rxf5 Ra7 20. Qe2 Rg7+ 21.
Kh1 Rg5 22. Bc1 Rxf5 23. Bxh6 Kh8 24. Bxf8 Qxf8 25. Rg1 Rg5 26. Rxg5 fxg5 27.
Kg2 bxc4 28. bxc4 Qf4 29. h3 a5 30. Qg4 Qd2+ 31. Kg1 Qc1+ 32. Kg2 Qc2+ 33. Kg1
Qb1+ 34. Kg2 Qxa2+ 35. Kf3 Qd2 36. Qc8+ Kg7 37. Qd7+ Kh6 38. Qe6+ Kxh5 39. Qf7+
Kh6 40. Qf6+ Kh7 41. Qf7+ 1/2-1/2